Stolice wykonane z pierwiastków #3 - Statystyki

Ogólne statystyki
  • Ten quiz został rozwiązany 132 razy
  • Średni wynik to 6 z 8
Statystyki odpowiedzi
Pierwiastek Stolica % Poprawnych
Bor + Oganesson + Tlen + Tantal Bogota
86%
Wapń + Azot + Bor + Erb + Rad Canberra
83%
Tytan + Rad + Sód Tirana
83%
Brom + Uran + Potas + Selen + Lantan Bruksela
79%
Węgiel + Argon + Aktyn + Arsen Caracas
70%
Potas + Jod + Gal + Lit Kigali
68%
Fosfor + Argon + Ameryk + Argon + Jod+ Bor + Tlen Paramaribo
64%
Beryl + Radon + Tlen Berno
63%
Nie znaleziono quizów pasujących do podanych kryteriów
Rozkład punktacji
Procent ludzi z każdym wynikiem
Percentyl według liczby udzielonych odpowiedzi
Twoja historia wyników
Nie rozwiązałeś tego quizu